[Event "ch-Africa Women 2025"]
[Site "Kerdasa EGY"]
[Date "2025.05.14"]
[Round "3.4"]
[White "El Barbry, Sarah"]
[Black "Alaa, Dema"]
[Result "0-1"]
[WhiteElo "1841"]
[BlackElo "1828"]
[WhiteFideId "26051419"]
[BlackFideId "54205514"]
[EventDate "2025.05.13"]

1. e4 c5 2. Nc3 g6 3. d4 cxd4 4. Qxd4 Nf6 5. Nf3 Nc6 6. Qa4 d6 7. e5 dxe5 8.
Nxe5 Bd7 9. Nxd7 Qxd7 10. Be3 Bg7 11. Rd1 Qf5 12. Bb5 O-O 13. Bxc6 bxc6 14. O-O
Nd5 15. Nxd5 cxd5 16. c3 Rfd8 17. Rfe1 e5 18. Re2 Rd7 19. h3 Rad8 20. Rde1 Bf6
21. f4 e4 22. g4 Qe6 23. Bd4 Qd6 24. Rf1 h6 25. Kg2 Re7 26. Re3 Rc8 27. b3 Rc6
28. Bxf6 Qxf6 29. Qd4 Qxd4 30. cxd4 Rec7 31. Rf2 Rc1 32. Ree2 R7c3 33. Kh2 Rd1
34. Rc2 Rxc2 35. Rxc2 Rxd4 36. Kg2 Kg7 37. g5 hxg5 38. fxg5 Rd3 39. Re2 Kf8 40.
Rc2 d4 41. b4 Rc3 42. Re2 e3 43. Kf3 d3 44. Rxe3 d2 45. Rxc3 d1=Q+ 46. Ke4 Qb1+
47. Kd5 Qxa2+ 48. Kc5 Qf2+ 49. Kb5 Qb6+ 50. Kc4 Qc6+ 51. Kd4 Qd6+ 52. Kc4 Qf4+
53. Kb5 Qxg5+ 54. Rc5 Qd8 55. Rc6 Qb8+ 56. Kc5 Qe5+ 57. Kc4 Qe2+ 58. Kc5 Qe3+
59. Kb5 Qxh3 0-1

[Event "ch-Africa Women 2025"]
[Site "Kerdasa EGY"]
[Date "2025.05.14"]
[Round "3.7"]
[White "Mongeli, Sasha"]
[Black "Abo Bkr Mohamed, Hamsa"]
[Result "1-0"]
[WhiteTitle "WFM"]
[WhiteElo "1886"]
[BlackElo "1482"]
[WhiteFideId "10809090"]
[BlackFideId "10646736"]
[EventDate "2025.05.13"]

1. d4 c5 2. d5 Nf6 3. Nc3 d6 4. e4 Bg4 5. Be2 Bxe2 6. Qxe2 Nbd7 7. Nf3 h6 8. h3
g6 9. O-O Bg7 10. a4 O-O 11. Rd1 a6 12. a5 Qc7 13. Nd2 Ne5 14. f4 Ned7 15. Nc4
b5 16. axb6 Nxb6 17. Ne3 Rfe8 18. Rxa6 Rxa6 19. Qxa6 e6 20. e5 Nfd7 21. Nb5 Qb8
22. Nxd6 Re7 23. Qb5 f6 24. Ndc4 fxe5 25. d6 Rf7 26. Nxb6 Nxb6 27. Nc4 Rb7 28.
Nxe5 Nd5 29. Qxc5 Bf8 30. Nc4 Rd7 31. Qc6 Qa7+ 32. Kh1 Nb4 33. Qe4 Nd5 34. Qxe6+
Rf7 35. Qxd5 Qd7 36. Ne5 1-0

[Event "ch-Africa Women 2025"]
[Site "Kerdasa EGY"]
[Date "2025.05.14"]
[Round "3.8"]
[White "Fayez Emad, Meryam"]
[Black "Laubscher, Anzel"]
[Result "1-0"]
[BlackTitle "WIM"]
[WhiteElo "1643"]
[BlackElo "1844"]
[WhiteFideId "54240476"]
[BlackFideId "14300800"]
[EventDate "2025.05.13"]

1. d4 d5 2. Nf3 Nf6 3. Bf4 e6 4. e3 Be7 5. Nbd2 O-O 6. Bd3 Nbd7 7. O-O Nh5 8.
Bxh7+ Kxh7 9. Ng5+ Bxg5 10. Qxh5+ Bh6 11. g4 g5 12. Bg3 Nf6 13. Qh3 Ne4 14. Nxe4
dxe4 15. f4 exf3 16. Rxf3 f5 17. Be5 Bd7 18. Raf1 Bc6 19. R3f2 Qd5 20. Rf3 Qxa2
21. Rg3 Bb5 22. Re1 Qd5 23. gxf5 exf5 24. Rxg5 Rf7 25. Qh5 Qe6 26. Kf2 Rg8 27.
Rxg8 Kxg8 28. Rg1+ Kh7 29. d5 Qxe5 30. Qg6+ Kh8 31. Qxh6+ Rh7 32. Qf8# 1-0

[Event "ch-Africa Women 2025"]
[Site "Kerdasa EGY"]
[Date "2025.05.14"]
[Round "3.11"]
[White "Mahmoud Youssef, Noha"]
[Black "Rakotoniaina, Tiana Johanna"]
[Result "0-1"]
[WhiteElo "1772"]
[BlackElo "1703"]
[WhiteFideId "10688820"]
[BlackFideId "13102630"]
[EventDate "2025.05.13"]

1. e4 c5 2. Nf3 Nc6 3. d4 cxd4 4. Nxd4 e5 5. Nb5 d6 6. N1c3 a6 7. Na3 b5 8. Nab1
h6 9. a4 b4 10. Nd5 Nf6 11. Nxf6+ gxf6 12. c3 f5 13. exf5 Bxf5 14. Qf3 Qc8 15.
Bc4 bxc3 16. bxc3 e4 17. Qe2 Ne5 18. Bd5 Nd3+ 19. Kd1 Ra7 20. Be3 Re7 21. h3 Bg7
22. Ra3 Re5 23. Qa2 O-O 24. Nd2 Qc7 25. Ke2 Qa5 26. Bb3 d5 27. c4 Rc8 28. cxd5
Nb4 29. Qb1 Nxd5 30. Bxd5 Rxd5 31. Rc1 Rcd8 32. Nc4 Qc7 33. Bb6 Qf4 34. Be3 Qh4
35. Qb4 Qh5+ 36. f3 exf3+ 37. gxf3 Qxh3 38. Rg1 Qh2+ 39. Bf2 Kh7 40. Rxg7+ Kxg7
41. Qc3+ f6 42. Ra2 Re8+ 43. Ne3 Bd3+ 44. Kd1 Rxe3 45. Bxe3 Qh1+ 46. Qe1 Be4+
47. Bd2 Qxf3+ 48. Kc1 Qd3 49. Qg1+ Kh7 50. Rb2 Qc4+ 0-1

[Event "ch-Africa Women 2025"]
[Site "Kerdasa EGY"]
[Date "2025.05.15"]
[Round "4.1"]
[White "Wafa, Shahenda"]
[Black "Wafa, Shrook"]
[Result "1/2-1/2"]
[WhiteTitle "WGM"]
[BlackTitle "WGM"]
[WhiteElo "2085"]
[BlackElo "2189"]
[WhiteFideId "10609962"]
[BlackFideId "10609970"]
[EventDate "2025.05.13"]

1. e4 e5 2. Nf3 Nf6 3. Nxe5 d6 4. Nf3 Nxe4 5. Nc3 Nxc3 6. dxc3 Be7 7. Bd3 O-O 8.
O-O Nc6 9. Be3 Bf6 10. Nd4 Nxd4 11. Bxd4 Bxd4 12. cxd4 Qg5 13. Qc1 Qf6 14. Qd1
Qg5 15. Qc1 Qf6 16. Qd1 Qg5 1/2-1/2

[Event "ch-Africa Women 2025"]
[Site "Kerdasa EGY"]
[Date "2025.05.15"]
[Round "4.3"]
[White "Mohamed Zaki, Jana"]
[Black "February, Jesse Nikki"]
[Result "1-0"]
[BlackTitle "WIM"]
[WhiteElo "1891"]
[BlackElo "2052"]
[WhiteFideId "10683089"]
[BlackFideId "14312336"]
[EventDate "2025.05.13"]

1. e4 e6 2. d4 d5 3. e5 c5 4. c3 Bd7 5. Nf3 Qb6 6. Be2 Bb5 7. O-O Bxe2 8. Qxe2
Ne7 9. dxc5 Qxc5 10. Be3 Qc7 11. Na3 a6 12. c4 Nbc6 13. Rac1 Rd8 14. Bc5 Ng6 15.
Bxf8 Kxf8 16. cxd5 Rxd5 17. Nc4 h6 18. Rfd1 Kg8 19. Rxd5 exd5 20. Ne3 Qa5 21. b4
Nf4 22. Qd2 Qa3 23. Rb1 d4 24. Nf5 g5 25. N3xd4 Nxe5 26. Ne7+ Kh7 27. Rb3 Qa4
28. Qc2+ Kg7 29. Ndf5+ Kf6 30. g3 Nf3+ 31. Kh1 Qb5 32. Qb2+ Ne5 33. Qb1 Nd5 34.
a4 Qd7 35. f4 gxf4 36. gxf4 Nxf4 37. Qe1 Nfg6 38. Re3 Qe6 39. Qf2 Qc4 40. Nd6+
Qf4 41. Nd5+ 1-0

[Event "ch-Africa Women 2025"]
[Site "Kerdasa EGY"]
[Date "2025.05.15"]
[Round "4.4"]
[White "Nassr, Lina"]
[Black "Fayez Emad, Meryam"]
[Result "1-0"]
[WhiteTitle "WIM"]
[WhiteElo "2029"]
[BlackElo "1643"]
[WhiteFideId "7908075"]
[BlackFideId "54240476"]
[EventDate "2025.05.13"]

1. e3 Nf6 2. c4 e6 3. d4 d5 4. Nf3 c6 5. Nc3 Bd6 6. Bd3 O-O 7. O-O Re8 8. e4 e5
9. dxe5 d4 10. exf6 dxc3 11. e5 Bc5 12. Ng5 g6 13. Re1 Qb6 14. Qc2 Na6 15. bxc3
Nc7 16. Rb1 Qa6 17. Qd2 Ne6 18. Nxh7 Kxh7 19. Qh6+ Kg8 20. Bxg6 fxg6 21. Qxg6+
Kh8 22. Qxe8+ Kh7 23. Qh5+ Kg8 24. Qg6+ Kh8 25. f7 1-0

[Event "ch-Africa Women 2025"]
[Site "Kerdasa EGY"]
[Date "2025.05.15"]
[Round "4.7"]
[White "WEFANG Lucrece"]
[Black "El Barbry, Sarah"]
[Result "0-1"]
[WhiteElo "1408"]
[BlackElo "1841"]
[WhiteFideId "16401980"]
[BlackFideId "26051419"]
[EventDate "2025.05.13"]

1. d4 Nf6 2. c4 e6 3. Nf3 b6 4. Nc3 Bb4 5. a3 Bxc3+ 6. bxc3 Bb7 7. e3 d6 8. Bd3
Ne4 9. Qc2 f5 10. h3 Nd7 11. O-O O-O 12. a4 a5 13. Be2 Qe7 14. Ba3 Rf6 15. Ne5
Rh6 16. Nf3 Kh8 17. Rfd1 Ng5 18. d5 Nxf3+ 19. Bxf3 Qg5 20. Kh2 e5 21. e4 f4 22.
Qe2 Nf6 23. Rg1 Rf8 24. Bc1 Qh4 25. Bd2 Bc8 26. Qf1 g5 27. Rh1 g4 28. Be2 Nxe4
29. Be1 gxh3 30. f3 Qg3+ 31. Bxg3 fxg3+ 32. Kg1 h2+ 33. Rxh2 gxh2+ 34. Kh1 Ng3# 0-1

[Event "ch-Africa Women 2025"]
[Site "Kerdasa EGY"]
[Date "2025.05.15"]
[Round "4.8"]
[White "Rjeb, Nadine"]
[Black "Marochkina, Nadezhda Valerevna"]
[Result "0-1"]
[BlackTitle "CM"]
[WhiteElo "1658"]
[BlackElo "1808"]
[WhiteFideId "5539307"]
[BlackFideId "19900490"]
[EventDate "2025.05.13"]

1. e4 e6 2. Nf3 d5 3. Nc3 dxe4 4. Nxe4 Nf6 5. Nxf6+ Qxf6 6. d4 h6 7. Bd3 Bd6 8.
O-O O-O 9. Re1 Nd7 10. Qe2 Qd8 11. Ne5 Nf6 12. c4 c5 13. dxc5 Bxe5 14. Qxe5 Qxd3
15. Bxh6 Qg6 16. Bxg7 Qxg7 17. Re3 Ng4 18. Qxg7+ Kxg7 19. Rg3 e5 20. h3 Be6 21.
hxg4 Rfc8 22. b3 Rxc5 23. Re3 a5 24. Rae1 b5 25. cxb5 Rxb5 26. Rxe5 Rxe5 27.
Rxe5 a4 28. Rb5 Bxb3 29. a3 Rc8 30. Rg5+ Kf6 31. Rf5+ Kg6 32. f4 Bc2 33. Ra5 Rc3
34. Rg5+ Kf6 35. Ra5 Rxa3 36. Ra6+ Kg7 37. Ra5 Rc3 38. Rg5+ Kf6 39. Ra5 a3 40.
Ra6+ Kg7 41. Ra5 Bd3 42. Rg5+ Kf6 43. Ra5 Bc4 44. Kh2 a2 45. g5+ Kg7 46. f5 Rc1
47. f6+ Kg6 48. Ra8 Kxg5 49. Ra5+ Kxf6 50. Rc5 a1=Q 51. Rc6+ Kg7 0-1

[Event "ch-Africa Women 2025"]
[Site "Kerdasa EGY"]
[Date "2025.05.15"]
[Round "4.9"]
[White "Laubscher, Anzel"]
[Black "Bushaala, Maryam Mohamed"]
[Result "1-0"]
[WhiteTitle "WIM"]
[WhiteElo "1844"]
[BlackElo "1607"]
[WhiteFideId "14300800"]
[BlackFideId "9221247"]
[EventDate "2025.05.13"]

1. e4 c5 2. Nf3 Nc6 3. g3 g6 4. Bg2 Bg7 5. O-O d6 6. c3 Nf6 7. Re1 O-O 8. d4
cxd4 9. cxd4 Bg4 10. h3 Bxf3 11. Bxf3 Qb6 12. d5 Ne5 13. Bg2 Nfd7 14. Qe2 Nc5
15. Rd1 Ned7 16. Nc3 Qd8 17. Be3 Rc8 18. Rac1 Qa5 19. h4 Nf6 20. g4 Na4 21. Bd4
Nxc3 22. bxc3 Nd7 23. h5 h6 24. g5 Bxd4 25. cxd4 Rxc1 26. Rxc1 hxg5 27. hxg6
fxg6 28. Qg4 Qd2 29. Qe6+ Kg7 30. Rf1 Nb6 31. Qxe7+ Rf7 32. Qxd6 Qxd4 33. Qg3
Nc4 34. Rc1 Ne5 35. Qe3 Qb2 36. d6 Qxa2 37. Qc5 Nd3 38. Qd4+ Kh7 39. Qxd3 Qxf2+
40. Kh1 g4 41. Rf1 Qh4+ 42. Kg1 Rd7 43. Qd5 Kh6 44. Qe6 Qd8 45. e5 Rh7 46. Rf7
Qb6+ 47. Kh2 g3+ 48. Kh3 Qd8 49. Rf6 1-0

[Event "ch-Africa Women 2025"]
[Site "Kerdasa EGY"]
[Date "2025.05.15"]
[Round "4.10"]
[White "Andhin, Chethanah"]
[Black "Ampaire, Shakira"]
[Result "1-0"]
[WhiteTitle "WCM"]
[BlackTitle "WCM"]
[WhiteElo "1585"]
[BlackElo "1784"]
[WhiteFideId "9700463"]
[BlackFideId "10002782"]
[EventDate "2025.05.13"]

1. d4 d5 2. Nc3 Nf6 3. Bg5 c6 4. Nf3 Bg4 5. h3 Bf5 6. g4 Be4 7. Bxf6 exf6 8.
Nxe4 dxe4 9. Nh4 g6 10. Ng2 Qb6 11. Rb1 Qa5+ 12. c3 Qxa2 13. Qc2 Qe6 14. Nf4 Qe7
15. e3 Bh6 16. Ne2 f5 17. Ng3 f4 18. exf4 Bxf4 19. Qxe4 Bxg3 20. Qxe7+ Kxe7 21.
fxg3 Nd7 22. Bc4 Rae8 23. O-O f6 24. h4 Kd6 25. Rbe1 Rhf8 26. Kg2 a5 27. h5 b5
28. Bd3 Rxe1 29. Rxe1 Rg8 30. Bb1 Rg7 31. b3 gxh5 32. gxh5 h6 33. Bf5 Re7 34.
Ra1 Re3 35. Rxa5 Rxc3 36. Ra7 Nb6 37. Rb7 Nc4 38. Rd7# 1-0

[Event "ch-Africa Women 2025"]
[Site "Kerdasa EGY"]
[Date "2025.05.15"]
[Round "4.11"]
[White "Abo Bkr Mohamed, Hamsa"]
[Black "Fady, Heaven"]
[Result "0-1"]
[WhiteElo "1482"]
[BlackElo "1685"]
[WhiteFideId "10646736"]
[BlackFideId "10691448"]
[EventDate "2025.05.13"]

1. e4 c6 2. d4 d5 3. exd5 cxd5 4. Bd3 Nc6 5. c3 Qc7 6. Ne2 Bg4 7. h3 Bxe2 8.
Qxe2 e6 9. Qf3 Nxd4 10. Qg4 Nc6 11. Bf4 Qd7 12. Nd2 Nf6 13. Qe2 Bd6 14. Bxd6
Qxd6 15. Nf3 a6 16. O-O O-O 17. Rad1 Qc7 18. Rfe1 Rfe8 19. Bc2 Rac8 20. Bb1 Na5
21. Ne5 Nc4 22. f4 Qb6+ 23. Kh1 Qxb2 24. Qd3 g6 25. Re2 Qb5 26. Qg3 Kg7 27. Bd3
Qa5 28. f5 Nxe5 29. Rxe5 exf5 30. Rxf5 Re6 31. h4 Kh8 32. Rf3 Rf8 33. Rdf1 Kg7
34. Rf5 Qxc3 35. h5 Ne4 36. h6+ Kh8 37. Qf3 gxf5 38. Qxf5 Rxh6+ 39. Kg1 Qd4+ 0-1

[Event "ch-Africa Women 2025"]
[Site "Kerdasa EGY"]
[Date "2025.05.15"]
[Round "5.1"]
[White "Wafa, Shrook"]
[Black "Romany, Joy"]
[Result "1-0"]
[WhiteTitle "WGM"]
[BlackTitle "WIM"]
[WhiteElo "2189"]
[BlackElo "1932"]
[WhiteFideId "10609970"]
[BlackFideId "10656820"]
[EventDate "2025.05.13"]

1. e4 e5 2. Nf3 Nc6 3. Bb5 a6 4. Ba4 Nf6 5. Qe2 d6 6. c3 b5 7. Bb3 Bg4 8. a4 Na5
9. Bc2 c6 10. b4 Nb7 11. O-O Be7 12. h3 Bh5 13. d4 Nd7 14. Rd1 Qc8 15. Nbd2 g5
16. Nf1 g4 17. N3h2 Nf6 18. Ng3 Rg8 19. Nxh5 Nxh5 20. Nxg4 Nf6 21. Nh6 Rg6 22.
Nf5 Nd8 23. f4 Qc7 24. fxe5 dxe5 25. d5 Nb7 26. dxc6 Nd6 27. Nxd6+ Bxd6 28. axb5
a5 29. bxa5 Ke7 30. Rxd6 Rag8 31. g4 h5 32. b6 hxg4 33. h4 Qb8 34. Ba3 1-0

[Event "ch-Africa Women 2025"]
[Site "Kerdasa EGY"]
[Date "2025.05.15"]
[Round "5.2"]
[White "Nassr, Lina"]
[Black "Wafa, Shahenda"]
[Result "1-0"]
[WhiteTitle "WIM"]
[BlackTitle "WGM"]
[WhiteElo "2029"]
[BlackElo "2085"]
[WhiteFideId "7908075"]
[BlackFideId "10609962"]
[EventDate "2025.05.13"]

1. d4 Nf6 2. Nf3 g6 3. b4 d5 4. Nbd2 a5 5. b5 Bg7 6. e3 c5 7. bxc6 Nxc6 8. Bb2
Bf5 9. a3 Rb8 10. c4 dxc4 11. Bxc4 b5 12. Bb3 O-O 13. O-O Ne4 14. Rc1 Qb6 15.
Bd5 Nxd2 16. Rxc6 Nxf3+ 17. Qxf3 Qd8 18. Rfc1 Rc8 19. R1c5 Rxc6 20. Bxc6 b4 21.
h3 bxa3 22. Bxa3 Bf6 23. e4 Bc8 24. e5 Bg7 25. Qc3 f6 26. Rd5 Qc7 27. Rd7 Qb8
28. Rxe7 fxe5 29. Bd5+ Kh8 30. Rxg7 Kxg7 31. Bxf8+ Kxf8 32. Qc5+ Ke8 33. dxe5
Qb1+ 34. Kh2 Qf5 35. Bc6+ Bd7 36. Bxd7+ Qxd7 37. Qxa5 Qd4 38. Qe1 Ke7 39. Qe3
Qh4 40. g3 Qc4 41. Qg5+ Ke6 42. Qf6+ Kd7 43. Qd6+ Kc8 44. e6 Qe2 45. Qd7+ Kb8
46. Qf7 1-0

[Event "ch-Africa Women 2025"]
[Site "Kerdasa EGY"]
[Date "2025.05.15"]
[Round "5.3"]
[White "Ayemou, Mazan Emmanuela Esther"]
[Black "Mohamed Zaki, Jana"]
[Result "1-0"]
[WhiteTitle "WCM"]
[WhiteElo "1911"]
[BlackElo "1891"]
[WhiteFideId "20803036"]
[BlackFideId "10683089"]
[EventDate "2025.05.13"]

1. e4 Nf6 2. e5 Nd5 3. c4 Nb6 4. d4 d6 5. Nf3 g6 6. exd6 cxd6 7. h3 Bg7 8. Be2
O-O 9. O-O Nc6 10. Nc3 Bf5 11. a3 d5 12. c5 Nc8 13. Bf4 e6 14. Bb5 N8e7 15. Bd6
Rc8 16. Re1 h5 17. Qa4 Re8 18. Ne5 a6 19. Bf1 Nxe5 20. dxe5 Nc6 21. Rad1 Qg5 22.
h4 Qd8 23. Bd3 d4 24. Na2 Qxh4 25. Nb4 Ne7 26. Nc2 Qg5 27. Be4 Bxe4 28. Rxe4 Nf5
29. Nxd4 Nh4 30. g3 Nf5 31. Nf3 Qh6 32. Rb4 Ne3 33. Rd3 b5 34. Qxa6 Nd5 35. Rxb5
h4 36. Nxh4 Nf4 37. gxf4 Qxh4 38. Rbb3 Qxf4 39. Rf3 Qc1+ 40. Qf1 Qg5+ 41. Rg3
Qf4 42. Rb4 Qf5 43. Qe2 Bh6 44. Qe4 Qxe4 45. Rxe4 Bc1 46. Rh4 Kg7 47. Rgh3 g5
48. Rh7+ Kg6 49. R3h6+ Kf5 50. Rxf7+ Ke4 51. Rb7 Rg8 52. Kg2 g4 53. Rh1 Bf4 54.
Rb4+ Kf5 55. Rh7 Bd2 56. Rbb7 Bc1 57. a4 Rg5 58. b4 Rcg8 59. Rbf7+ Ke4 60. c6
Bf4 61. Rxf4+ Kxf4 62. b5 g3 63. Rf7+ Ke4 64. f3+ Kd5 65. Rf4 Rh5 66. Rg4 Rgh8
67. Kxg3 Rh3+ 68. Kf2 Rh1 69. Rg1 R1h4 70. Rd1+ Kc4 71. b6 Rh2+ 72. Ke3 Rb2 73.
Rc1+ Kd5 74. Rc5# 1-0

[Event "ch-Africa Women 2025"]
[Site "Kerdasa EGY"]
[Date "2025.05.15"]
[Round "5.4"]
[White "Bwalya Mulwale, Lubuuto"]
[Black "El Barbry, Sarah"]
[Result "0-1"]
[WhiteTitle "WCM"]
[WhiteElo "1954"]
[BlackElo "1841"]
[WhiteFideId "8706964"]
[BlackFideId "26051419"]
[EventDate "2025.05.13"]

1. d4 Nf6 2. c4 e6 3. a3 d6 4. Nc3 Nbd7 5. Nf3 Be7 6. e3 O-O 7. Bd3 Re8 8. O-O
Bf8 9. e4 e5 10. d5 h6 11. b4 a5 12. Bd2 b6 13. Qb3 Bb7 14. Rfd1 Nh5 15. Be3 Bc8
16. Be2 Nf4 17. Bxf4 exf4 18. Bf1 Ne5 19. Ne2 Qf6 20. Nxe5 Qxe5 21. f3 axb4 22.
Qxb4 Bd7 23. Nc3 Ra5 24. Nb5 Rc8 25. Ra2 Be7 26. Bd3 Bd8 27. Bc2 Rca8 28. a4 g5
29. Qd2 Bxb5 30. cxb5 Rxb5 31. Bd3 Qd4+ 32. Kf1 Rc5 33. Bb5 Qxd2 34. Rdxd2 Bf6
35. Rdc2 Bd4 36. Ke2 Kf8 37. Kd3 Rxc2 38. Rxc2 Bc5 39. Bc6 Rd8 40. Kc4 Ke7 41.
Re2 f6 42. Kb5 Rg8 43. h3 h5 44. Ka6 g4 45. hxg4 hxg4 46. Re1 Rh8 47. Kb7 Bf2
48. Rc1 Be3 49. Rf1 g3 50. Kxc7 Rh2 51. Bb5 Rxg2 52. Rb1 Rc2+ 53. Kb7 g2 54. Bd3
Rc1 0-1

[Event "ch-Africa Women 2025"]
[Site "Kerdasa EGY"]
[Date "2025.05.15"]
[Round "5.5"]
[White "Alaa, Dema"]
[Black "Mongeli, Sasha"]
[Result "1-0"]
[BlackTitle "WFM"]
[WhiteElo "1828"]
[BlackElo "1886"]
[WhiteFideId "54205514"]
[BlackFideId "10809090"]
[EventDate "2025.05.13"]

1. e4 c6 2. d4 d5 3. e5 Bf5 4. h4 h5 5. Bd3 Bxd3 6. Qxd3 Qa5+ 7. Nd2 Qa6 8. c4
e6 9. Ngf3 Bb4 10. b3 Nh6 11. O-O Nf5 12. Qb1 Bc3 13. Bb2 Bxd2 14. Nxd2 Nxh4 15.
Qc1 Nd7 16. a4 Qb6 17. Re1 Qd8 18. Nf1 Nf5 19. g3 Rc8 20. Qd2 Nh6 21. Nh2 h4 22.
g4 Nf8 23. Rad1 Nh7 24. Bc1 h3 25. Kh1 Nf8 26. Re3 Qh4 27. Rg3 Ng6 28. Qe3 Ng8
29. c5 Kd7 30. Rd3 Qh6 31. Qxh6 Nxh6 32. Rxh3 Ng8 33. Rxh8 Nxh8 34. Rh3 Ne7 35.
Rh7 Rg8 36. Nf1 Nhg6 37. Ng3 Nf8 38. Rh5 Ke8 39. Rh3 Nfg6 40. Kg2 Rh8 41. Nh5
Kf8 42. b4 Ng8 43. b5 f6 44. bxc6 bxc6 45. Rb3 fxe5 46. Rb7 N8e7 47. dxe5 Kf7
48. Bg5 Re8 49. f4 Kf8 50. Rxa7 Rb8 51. Bxe7+ Nxe7 52. Nxg7 Kf7 53. f5 exf5 54.
Nxf5 Rb4 55. Kf3 Rc4 56. Nd6+ Ke6 57. Rxe7+ Kxe7 58. Nxc4 dxc4 59. Ke3 Ke6 60.
a5 Kxe5 61. a6 Kd5 62. a7 Kxc5 63. a8=Q c3 64. g5 c2 65. Kd2 c1=Q+ 66. Kxc1 Kd5 1-0

[Event "ch-Africa Women 2025"]
[Site "Kerdasa EGY"]
[Date "2025.05.15"]
[Round "5.6"]
[White "Marochkina, Nadezhda Valerevna"]
[Black "February, Jesse Nikki"]
[Result "0-1"]
[WhiteTitle "CM"]
[BlackTitle "WIM"]
[WhiteElo "1808"]
[BlackElo "2052"]
[WhiteFideId "19900490"]
[BlackFideId "14312336"]
[EventDate "2025.05.13"]

1. d4 d5 2. c4 e6 3. Nc3 Nf6 4. Nf3 Be7 5. Bg5 O-O 6. e3 h6 7. Bh4 Ne4 8. Bxe7
Qxe7 9. cxd5 Nxc3 10. bxc3 exd5 11. Qb3 c6 12. c4 dxc4 13. Bxc4 b5 14. Be2 Be6
15. Qb2 Nd7 16. O-O b4 17. Rfc1 Bd5 18. Nd2 Nb6 19. Bd1 f5 20. Bb3 Kh8 21. Rc2
a5 22. Bxd5 cxd5 23. a3 f4 24. exf4 Na4 25. Qb3 Nc3 26. Nf3 Ne2+ 27. Kf1 Nxf4
28. Ne5 Qb7 29. Rac1 Rac8 30. Rb1 Qa6+ 31. Kg1 Rxc2 32. Qxc2 Ne2+ 33. Kh1 Rxf2
34. Qc5 Qf6 35. Nf3 Rxf3 36. Ra1 0-1

[Event "ch-Africa Women 2025"]
[Site "Kerdasa EGY"]
[Date "2025.05.15"]
[Round "5.8"]
[White "Fayez Emad, Meryam"]
[Black "Andhin, Chethanah"]
[Result "1-0"]
[BlackTitle "WCM"]
[WhiteElo "1643"]
[BlackElo "1585"]
[WhiteFideId "54240476"]
[BlackFideId "9700463"]
[EventDate "2025.05.13"]

1. d4 Nf6 2. Bf4 d5 3. Nf3 g6 4. Nbd2 Bg7 5. e3 Nbd7 6. h4 h5 7. Be2 c5 8. c3
Qb6 9. Qc2 Ng4 10. Rd1 e5 11. dxe5 Ndxe5 12. Nxe5 Nxe5 13. Bxe5 Bxe5 14. Nf3 Bg7
15. Rxd5 Be6 16. Qa4+ Ke7 17. Rd2 Rhd8 18. Qa3 Rxd2 19. Kxd2 Rd8+ 20. Kc1 Ke8
21. Ng5 Bd5 22. e4 f6 23. exd5 fxg5 24. Qa4+ Kf8 25. Qe4 gxh4 26. Rxh4 Bh6+ 27.
Kb1 Qf6 28. Rh3 Kg7 29. Bd3 Qg5 30. Rh1 Rxd5 31. f4 Qf5 32. Qe7+ Qf7 33. Qxf7+
Kxf7 34. Bc4 Kg7 35. Bxd5 Bxf4 36. Bxb7 Be5 37. Kc2 Kf6 38. Be4 Kg5 39. Kd3 h4
40. Ke3 Bg3 41. Rd1 Kf6 42. Rd5 Bh2 43. Kf3 Bg1 44. Rd6+ 1-0

[Event "ch-Africa Women 2025"]
[Site "Kerdasa EGY"]
[Date "2025.05.15"]
[Round "5.9"]
[White "Fady, Heaven"]
[Black "Mahmoud Youssef, Noha"]
[Result "0-1"]
[WhiteElo "1685"]
[BlackElo "1772"]
[WhiteFideId "10691448"]
[BlackFideId "10688820"]
[EventDate "2025.05.13"]

1. d4 Nf6 2. Nf3 g6 3. g3 Bg7 4. Bg2 d5 5. O-O O-O 6. c4 dxc4 7. Ne5 c5 8. dxc5
Na6 9. c6 Rb8 10. a3 Qxd1 11. Rxd1 bxc6 12. Nxc6 Rb7 13. Na5 Rd7 14. Rxd7 Bxd7
15. Nxc4 Rc8 16. Ne5 Rxc1+ 17. Bf1 Bh3 18. Nd2 Rxa1 19. f4 Ne4 20. Nec4 Nxd2 21.
Nxd2 Bd4+ 22. Kh1 Bxf1 23. Nxf1 Rxf1+ 24. Kg2 Rf2+ 25. Kh1 Rxe2 26. f5 Nc5 27.
h4 Ne4 0-1

[Event "ch-Africa Women 2025"]
[Site "Kerdasa EGY"]
[Date "2025.05.15"]
[Round "5.10"]
[White "Rakotoniaina, Tiana Johanna"]
[Black "WEFANG Lucrece"]
[Result "0-1"]
[WhiteElo "1703"]
[BlackElo "1408"]
[WhiteFideId "13102630"]
[BlackFideId "16401980"]
[EventDate "2025.05.13"]

1. c4 Nf6 2. g3 c5 3. Bg2 Nc6 4. Nf3 g6 5. Nc3 Bg7 6. O-O O-O 7. a3 d6 8. Ne1
Ne5 9. d3 Rb8 10. b4 b6 11. Bb2 Bb7 12. e4 Nc6 13. Nc2 Qd7 14. Nd5 e5 15. b5 Nd4
16. Nce3 Nxd5 17. Nxd5 Bxd5 18. cxd5 Qxb5 19. Rb1 Qd7 20. h4 h5 21. Kh2 Bh6 22.
Bc1 Bxc1 23. Qxc1 Qe7 24. f4 b5 25. f5 Qf6 26. Qh6 b4 27. a4 b3 28. Rb2 Rb4 29.
Ra1 Nc2 30. Rab1 Rfb8 31. Bf3 Qh8 32. Qg5 Kf8 33. fxg6 f6 34. Qxh5 Qxh5 35. Bxh5
Kg7 36. Kh3 Nd4 37. a5 Ra4 38. a6 Rxa6 39. Bg4 Kxg6 40. Bd7 Rab6 41. g4 a5 42.
Rf1 R6b7 43. Bf5+ Kg7 44. h5 a4 45. h6+ Kxh6 46. Kg3 Kg7 47. Rh1 Rh8 48. Ra1 Ra7
49. Ra3 Rb8 50. Rh2 Rh8 51. Rb2 Rb8 52. Rh2 Nxf5+ 53. gxf5 b2 54. Rh1 b1=Q 55.
Rxb1 Rxb1 56. Ra2 Rb8 57. Kf3 Kf7 58. Rh2 Rg8 59. Ra2 a3 0-1

[Event "ch-Africa Women 2025"]
[Site "Kerdasa EGY"]
[Date "2025.05.15"]
[Round "5.11"]
[White "Bushaala, Maryam Mohamed"]
[Black "Rjeb, Nadine"]
[Result "0-1"]
[WhiteElo "1607"]
[BlackElo "1658"]
[WhiteFideId "9221247"]
[BlackFideId "5539307"]
[EventDate "2025.05.13"]

1. e4 c5 2. Nc3 Nc6 3. g3 g6 4. Bg2 Bg7 5. Nge2 e6 6. f4 Nge7 7. O-O O-O 8. d3
d5 9. e5 a6 10. a4 Rb8 11. d4 cxd4 12. Nxd4 Qb6 13. Ne2 Nf5 14. c3 f6 15. exf6
Bxf6 16. Kh1 Ncxd4 17. Nxd4 Bxd4 18. a5 Qc5 19. cxd4 Qxd4 20. Qxd4 Nxd4 21. Be3
Nc2 22. Bc5 Nxa1 23. Bxf8 Kxf8 24. Rxa1 Bd7 25. Rc1 Rc8 26. Rxc8+ Bxc8 27. Kg1
Ke7 28. b4 Kd6 29. Kf2 Kc6 30. Bf1 Kd6 31. Ke3 e5 32. Bg2 Bf5 33. Bf3 d4+ 34.
Kd2 e4 35. Bd1 e3+ 36. Ke1 Kd5 37. Bb3+ Ke4 38. Bc2+ d3 0-1